000 01194cam a2200325 i 4500
001 015785189
003 EG-ScBUE
005 20241027092134.0
008 110331s2012 nyua f b 001 0 eng d
020 _a0071086188 (pbk.) :
020 _a9780071086189 (pbk.) :
040 _aEG-ScBUE
_beng
_erda
_cEG-ScBUE
_dEG-ScBUE
082 0 4 _a518.0285
_222
_bCHA
100 1 _aChapra, Steven C.,
_eauthor.
_929551
245 1 0 _aApplied numerical methods with MATLAB for engineers and scientists /
_cSteven C. Chapra, berger chair in computing and engineering, Tufts University.
250 _aThird edition.
250 _aMcGraw-Hill intenational edition.
264 1 _aNew York :
_bMcGraw-Hill,
_c2012.
300 _axvii, 653 pages :
_bcolor illustrations ;
_c24 cm
336 _2rdacontent
_atext
_btxt
337 _aunmediated
_2rdamedia
_bn
338 _avolume
_bnc
_2rdacarrier
504 _aIncludes bibliographical references and index.
630 0 7 _aMATLAB
_vTextbooks.
_2BUEsh
_929552
650 7 _aNumerical analysis
_xData processing
_vTextbooks.
_2BUEsh
_929553
653 _cApril2012
655 _vReading book
942 _2ddc
_cBB
999 _c16625
_d16625